00287nam a22001097a 4500020001500000040000900015082001800024100001600042245005200058260003400110650003300144 a0471370479 cNUST a621.3813bMUN aBen A. Munk aFrequency Selective SurfacesbTheory and Design aNew York:bJohn Wiley,c2000. aFrequency Selective Surfaces